LEADER 01161nam a2200301 u 4500 001 000000060330 003 CaOOAMICUS 005 20070226120911.0 008 010719s1977 it u000 u ita u 035 $a10897791 040 $aPUL(R)$bita 041 1 $aita$hger 100 1 $aBalthasar, Hans Urs von,$ccardinale,$d1905-1988.$0(OLS)http://pul/name/1429 240 10$aKatholisch.$lItaliano.$0(OLS)http://pul/title/80666 245 10$aCattolico /$cHans Urs von Balthasar. 260 $aMilano :$bJaca Book,$c1977. 300 $a145 p. ;$c19 cm 490 1 $aGià e non ancora.$aPocket ;$v19 504 $aBibliografia in nota. 650 4$aCattolicesimo.$0(OLS)http://pul/subject/3132 650 4$aDottrina cattolica.$0(OLS)http://pul/subject/9767 830 0$aGià e non ancora.$pPocket ;$v19.$0(OLS)http://pul/title/966 850 $aPUL 852 $aPUL$W1$xSL Religione 1$y3$m56 I 47$j78621$nBK-PRI$b $qStampati$B78621$CPULBib$Z2$F78621 $H $81 941 1 $a8 961 $aINV: 45978 996 $6245$aCattolico$9(OLS)http://pul/title/80667 996 $6260$aMilano :$bJaca Book$9(OLS)http://pul/publisher/47900 LEADER 01834nam a2200373 u 4500 001 000000042827 003 CaOOAMICUS 005 20150717141342.0 008 990309s1991 it u000 u ita u 020 $a8870981207 035 $a10816844 040 $aPUL(R)$bita 245 02$aI vescovi d'Europa e la nuova evangelizzazione /$cprefazione di Carlo Maria card. Martini ... ; introduzione di Hervé Legrand .. 260 $aCasale Monferrato :$bEd. Piemme,$c1991. 300 $a422 p.$c21 cm 500 $aIn testa al front.: Consiglio delle conferenze episcopali d'Europa. 504 $aBibliografia in nota. 650 4$aEvangelizzazione.$0(OLS)http://pul/subject/1355 700 1 $aMartini, Carlo Maria,$ccardinale, arcivescovo di Milano,$d1927-2012.$0(OLS)http://pul/name/6653 700 1 $aLegrand, Hervé,$cO.P.$0(OLS)http://pul/name/26499 710 2 $aConsilium conferentiarum episcoporum Europae.$0(OLS)http://pul/name/95018 850 $aPUL 852 $aPUL$W1$xDP1 Cons. Gen., Altre Classi 1$y22$m44 E 67$j57789$nBK-PRI$b $qStampati$B57789$CPULBib$Z2$F57789 $H $81 852 $aPUL$W1$xDP1 Fondo S. Lanza$y121$m3 K 10$j167574$qFondi$B168148$CPULBib$Z2$F168148 $HLAN2420 $82 910 $aConsiglio delle conferenze episcopali d'Europa$995018 910 $aConseil des conférences épiscopales européennes (CCEE)$995018 910 $aCCEE (Consilium conferentiarum episcoporum Europae)$995018 941 1 $a8 941 1 $a1 961 $aINV: 68668 961 $aNota ms. di possesso: Sergio Lanza 996 $6020$a8870981207$9(OLS)http://pul/number/53414 996 $6245$aI vescovi d'Europa e la nuova evangelizzazione$9(OLS)http://pul/title/57773 996 $6260$aCasale Monferrato :$bEd. Piemme$9(OLS)http://pul/publisher/60529